The Hmong of Australia (Record no. 34067)

MARC details
000 -LEADER
fixed length control field 00615nam a2200121Ia 4500
008 - FIXED-LENGTH DATA ELEMENTS--GENERAL INFORMATION
fixed length control field 220620s9999||||xx |||||||||||||| ||und||
100 ## - MAIN ENTRY--PERSONAL NAME
Personal name Tapp, Nicholas||Yia Lee, Gary
245 #4 - TITLE STATEMENT
Title The Hmong of Australia
Remainder of title Culture and Diaspora
546 ## - LANGUAGE NOTE
Language note English[eng]
650 ## - SUBJECT ADDED ENTRY--TOPICAL TERM
Topical term or geographic name entry element australia||culture||hmong australians||customs||social life||Laos||Lusheng||Menstruation||Thailand||United States
856 ## - ELECTRONIC LOCATION AND ACCESS
Uniform Resource Identifier <a href="https://library.oapen.org/bitstream/20.500.12657/33732/1/459269.pdf||https://library.oapen.org/bitstream/20.500.12657/33732/1/459269.pdf||https://library.oapen.org/bitstream/20.500.12657/33732/1/459269.pdf">https://library.oapen.org/bitstream/20.500.12657/33732/1/459269.pdf||https://library.oapen.org/bitstream/20.500.12657/33732/1/459269.pdf||https://library.oapen.org/bitstream/20.500.12657/33732/1/459269.pdf</a>
942 ## - ADDED ENTRY ELEMENTS (KOHA)
Koha item type E-Books
Holdings
Withdrawn status Lost status Damaged status Not for loan Home library Current library Date acquired Total Checkouts Date last seen Price effective from Koha item type
        Kerala University of Digital Sciences, Innovation and Technology Knowledge Centre Kerala University of Digital Sciences, Innovation and Technology Knowledge Centre 20/06/2022   20/06/2022 20/06/2022 E-Books